000 00281nam a22001217a 4500
008 170529b xxu||||| |||| 00| 0 eng d
041 _aeng
080 _a62
100 _a25
101 _aIM
245 _aAN INTRODUCTION TO LASER AND MASERS
_cSIEGMAN.A.E
942 _2udc
_cBK
999 _c14703
_d14703